[Event "Titled Tuesday intern op 28th Sept"]
[Site "Chess.com INT"]
[Date "2021.09.28"]
[Round "8"]
[White "Pandey, Srishti"]
[Black "Temirkanov, David"]
[Result "1-0"]
[WhiteElo "2026"]
[BlackElo "2282"]
[PlyCount "95"]
[EventDate "2021.09.28"]
[EventType "swiss (blitz)"]
[EventRounds "11"]
[EventCountry "USA"]
[SourceTitle "CBM 204 Extra"]
[Source "ChessBase"]
[SourceDate "2021.11.30"]
[SourceVersion "1"]
[SourceVersionDate "2021.11.30"]
[SourceQuality "1"]

1. d4 d5 2. c4 Nc6 3. cxd5 Qxd5 4. Nf3 e5 5. dxe5 Qxd1+ 6. Kxd1 Nge7 7. Nc3 Bg4 8. Be3 0-0-0+ 9. Kc2 Bf5+ 10. Kb3 Na5+ 11. Ka4 Nc4 12. Bc1 Nc6 13. e4 Nb6+ 14. Kb3 Be6+ 15. Kc2 Nb4+ 16. Kb1 Bc5 17. a3 Nd3 18. Bxd3 Rxd3 19. Kc2 Rd7 20. Nd1 a5 21. Be3 Bxe3 22. Nxe3 a4 23. Kc3 Rhd8 24. Rad1 Bb3 25. Rxd7 Nxd7 26. Nf5 g6 27. N5d4 Nc5 28. Re1 c6 29. Ng5 h6 30. Nxb3 axb3 31. Nxf7 Rd3+ 32. Kc4 b6 33. Nd6+ Kc7 34. a4 Rd2 35. a5 Rc2+ 36. Kd4 bxa5 37. Ne8+ Kd7 38. Nf6+ Ke7 39. Ng4 Ne6+ 40. Kd3 Rxb2 41. Nxh6 a4 42. Kc3 Rc2+ 43. Kb4 Nd4 44. Kxa4 c5 45. Ra1 c4 46. Kb4 Ra2 47. Rd1 Nc2+ 48. Kc3 1-0

[Event "Titled Tuesday intern op 28th Sept"]
[Site "Chess.com INT"]
[Date "2021.09.28"]
[Round "2"]
[White "Rosen, Eric S"]
[Black "Temirkanov, David"]
[Result "1-0"]
[WhiteElo "2356"]
[BlackElo "2282"]
[PlyCount "161"]
[EventDate "2021.09.28"]
[EventType "swiss (blitz)"]
[EventRounds "11"]
[EventCountry "USA"]
[SourceTitle "CBM 204 Extra"]
[Source "ChessBase"]
[SourceDate "2021.11.30"]
[SourceVersion "1"]
[SourceVersionDate "2021.11.30"]
[SourceQuality "1"]

1. d4 d5 2. Bf4 Nc6 3. e3 Nf6 4. Nf3 Bg4 5. Bb5 e6 6. Nbd2 Bd6 7. Bg3 0-0 8. c4 Bxg3 9. hxg3 Ne7 10. cxd5 exd5 11. Bd3 Bf5 12. Qc2 Bxd3 13. Qxd3 Qd7 14. Ne5 Qf5 15. Qxf5 Nxf5 16. Rc1 c6 17. Ke2 Nd6 18. f3 Rad8 19. g4 Nd7 20. Nxd7 Rxd7 21. Kd3 Re8 22. Rhe1 Rde7 23. Nf1 h6 24. Re2 f5 25. gxf5 Nxf5 26. g4 Nh4 27. Rf2 Rf8 28. Nd2 Ref7 29. Rcf1 Re8 30. b4 a6 31. a4 Rfe7 32. Re2 Ng6 33. Rfe1 Kf7 34. f4 Nf8 35. Nf3 Nd7 36. Rb1 Kg8 37. Ne5 Nxe5+ 38. dxe5 Kf7 39. Kd4 Rc8 40. Rc2 Rec7 41. Rbc1 Ke6 42. f5+ Kd7 43. e4 dxe4 44. Kxe4 Ke7 45. b5 axb5 46. axb5 c5 47. Rd2 c4 48. Rc3 Rc5 49. Rd4 Rxb5 50. Rdxc4 Rxc4+ 51. Rxc4 Kd7 52. e6+ Kd6 53. Rd4+ Ke7 54. Rd7+ Kf8 55. Rf7+ Kg8 56. Rc7 Kf8 57. Rc8+ Ke7 58. Rc7+ Kf8 59. Kf4 b6 60. Rf7+ Kg8 61. Rb7 Kf8 62. g5 hxg5+ 63. Kxg5 Rb1 64. Rb8+ Ke7 65. Rb7+ Kf8 66. Rf7+ Kg8 67. Rc7 Kf8 68. Rc6 b5 69. Rc8+ Ke7 70. Rc7+ Kf8 71. Rf7+ Kg8 72. Rb7 Kf8 73. Kf4 b4 74. Rf7+ Kg8 75. Rb7 b3 76. Rb8+ Kh7 77. e7 b2 78. e8Q Rf1+ 79. Kg3 Rg1+ 80. Kf2 b1Q 81. Qh5# 1-0

[Event "Titled Tuesday intern op 28th Sept"]
[Site "Chess.com INT"]
[Date "2021.09.28"]
[Round "3"]
[White "Temirkanov, David"]
[Black "Shahade, Gregory P"]
[Result "0-1"]
[WhiteElo "2282"]
[BlackElo "2476"]
[PlyCount "96"]
[EventDate "2021.09.28"]
[EventType "swiss (blitz)"]
[EventRounds "11"]
[EventCountry "USA"]
[SourceTitle "CBM 204 Extra"]
[Source "ChessBase"]
[SourceDate "2021.11.30"]
[SourceVersion "1"]
[SourceVersionDate "2021.11.30"]
[SourceQuality "1"]

1. d4 Nf6 2. Bg5 c5 3. dxc5 e6 4. Nf3 Bxc5 5. e3 0-0 6. Nbd2 d5 7. Bd3 Nc6 8. 0-0 b6 9. e4 Be7 10. Qe2 Bb7 11. e5 Nd7 12. Bxe7 Qxe7 13. Nb3 Rfc8 14. Rfe1 Nb4 15. Nbd4 Nxd3 16. cxd3 Ba6 17. a3 Rc7 18. Rac1 Rac8 19. Qd2 Nc5 20. Rc3 Na4 21. Rxc7 Qxc7 22. h4 h6 23. Kh1 Qe7 24. h5 Rc7 25. Kg1 Nc5 26. Re3 Nd7 27. Re1 Nc5 28. Re3 Rc8 29. g3 Nd7 30. Re1 Nf8 31. Kg2 Nh7 32. b4 Qd7 33. g4 Qa4 34. g5 hxg5 35. Nxg5 Qe8 36. Nh3 Qe7 37. Rc1 Rxc1 38. Qxc1 Bxd3 39. Nf4 Qg5+ 40. Kf3 Be4+ 41. Ke3 Qxe5 42. Qc8+ Nf8 43. Nc6 d4+ 44. Ke2 Bxc6+ 45. Kd2 Qxf4+ 46. Kc2 Qxf2+ 47. Kb3 Qe3+ 48. Kb2 Qc3+ 0-1

[Event "Titled Tuesday intern op 14th Sept"]
[Site "Chess.com INT"]
[Date "2021.09.14"]
[Round "5"]
[White "Temirkanov, David"]
[Black "Bodnar, Nikolay"]
[Result "1-0"]
[WhiteElo "2282"]
[BlackElo "2438"]
[PlyCount "67"]
[EventDate "2021.09.14"]
[EventType "swiss (blitz)"]
[EventRounds "11"]
[EventCountry "USA"]
[SourceTitle "EXT 2022"]
[Source "ChessBase"]
[SourceDate "2021.10.06"]
[SourceVersion "1"]
[SourceVersionDate "2021.10.06"]
[SourceQuality "1"]

1. d4 Nf6 2. Bg5 g6 3. Bxf6 exf6 4. c4 Bg7 5. Nc3 0-0 6. e3 f5 7. g3 d6 8. Bg2 Nc6 9. Nge2 h5 10. h4 Bd7 11. Nf4 Re8 12. 0-0 a6 13. Ncd5 Rb8 14. a4 b5 15. cxb5 axb5 16. a5 b4 17. Qb3 Ra8 18. a6 Qb8 19. Nxg6 fxg6 20. Nf6+ Kh8 21. Nxd7 Qb5 22. Rfc1 Na5 23. Rxa5 Qxa5 24. Bxa8 Rxa8 25. Qf7 Qxa6 26. Qxg6 d5 27. Rc6 Qa1+ 28. Kg2 Qd1 29. Nf6 Bxf6 30. Qxf6+ Kg8 31. Qg6+ Kf8 32. Rf6+ Ke7 33. Rf7+ Kd8 34. Qg8# 1-0

[Event "Titled Tuesday intern op 14th Sept"]
[Site "Chess.com INT"]
[Date "2021.09.14"]
[Round "6"]
[White "Temirkanov, David"]
[Black "Stepanencu, Nicodim Cosmin"]
[Result "0-1"]
[WhiteElo "2282"]
[BlackElo "2299"]
[PlyCount "64"]
[EventDate "2021.09.14"]
[EventType "swiss (blitz)"]
[EventRounds "11"]
[EventCountry "USA"]
[SourceTitle "EXT 2022"]
[Source "ChessBase"]
[SourceDate "2021.10.06"]
[SourceVersion "1"]
[SourceVersionDate "2021.10.06"]
[SourceQuality "1"]

1. d4 Nf6 2. Bg5 g6 3. Bxf6 exf6 4. c4 Bg7 5. Nc3 0-0 6. e3 c6 7. g3 d6 8. Bg2 f5 9. Nge2 Nd7 10. h4 Nf6 11. Nf4 h6 12. 0-0 Re8 13. b4 Ne4 14. Rc1 a5 15. b5 Bd7 16. a4 Qe7 17. Qd3 Rad8 18. Rfd1 Bc8 19. Qc2 Bf6 20. Nxe4 fxe4 21. Qb3 Bg4 22. Rd2 g5 23. hxg5 hxg5 24. Ne2 Bf3 25. bxc6 bxc6 26. Qb6 Qd7 27. Rb1 Kg7 28. Qb7 Qg4 29. Qxc6 Rh8 30. Rb7 Bxg2 31. Nf4 Rh1+ 32. Kxg2 Qf3# 0-1

[Event "Titled Tuesday intern op 24th Aug"]
[Site "Chess.com INT"]
[Date "2021.08.24"]
[Round "4"]
[White "De Arruda, Leandro Formes"]
[Black "Temirkanov, David"]
[Result "0-1"]
[WhiteElo "2038"]
[BlackElo "2282"]
[PlyCount "96"]
[EventDate "2021.08.24"]
[EventType "swiss (blitz)"]
[EventRounds "11"]
[EventCountry "USA"]
[SourceTitle "EXT 2022"]
[Source "ChessBase"]
[SourceDate "2021.10.06"]
[SourceVersion "1"]
[SourceVersionDate "2021.10.06"]
[SourceQuality "1"]

1. d4 d5 2. Nf3 Nc6 3. e3 Bg4 4. Be2 e6 5. Ne5 Bxe2 6. Qxe2 Nxe5 7. dxe5 c6 8. 0-0 Ne7 9. f4 Nf5 10. e4 dxe4 11. Qxe4 Bc5+ 12. Kh1 Qh4 13. Qf3 h5 14. c3 Qg4 15. Nd2 Ne3 16. Qxg4 hxg4 17. Re1 g3 18. h3 Nc2 19. Ne4 Be7 20. Be3 Nxa1 21. Rxa1 0-0-0 22. Nxg3 Rd3 23. Re1 Bh4 24. Kh2 Rhd8 25. Re2 Rd1 26. Ne4 Be7 27. Bxa7 Ra1 28. a3 Rdd1 29. Kg3 Re1 30. Rxe1 Rxe1 31. Nd6+ Bxd6 32. exd6 Rb1 33. b4 Rb3 34. Bd4 f6 35. a4 Kd7 36. Kf3 Kxd6 37. g4 e5 38. fxe5+ fxe5 39. Bc5+ Kd5 40. a5 Rxc3+ 41. Kg2 Ke4 42. Bf8 g6 43. Be7 Kf4 44. Bf8 Rc2+ 45. Kf1 Kf3 46. Ke1 e4 47. Bc5 e3 48. Bxe3 Kxe3 0-1

[Event "Titled Tuesday intern op 24th Aug"]
[Site "Chess.com INT"]
[Date "2021.08.24"]
[Round "8"]
[White "Sadovsky, Artem"]
[Black "Temirkanov, David"]
[Result "0-1"]
[WhiteElo "2367"]
[BlackElo "2282"]
[PlyCount "70"]
[EventDate "2021.08.24"]
[EventType "swiss (blitz)"]
[EventRounds "11"]
[EventCountry "USA"]
[SourceTitle "EXT 2022"]
[Source "ChessBase"]
[SourceDate "2021.10.06"]
[SourceVersion "1"]
[SourceVersionDate "2021.10.06"]
[SourceQuality "1"]

1. Nf3 d5 2. e3 Nf6 3. c4 c6 4. b3 Bf5 5. Bb2 e6 6. Be2 Nbd7 7. 0-0 Be7 8. d3 h6 9. Nbd2 0-0 10. Qc2 a5 11. a3 Bh7 12. Rad1 Qb6 13. Qc1 Nc5 14. Bd4 Qd8 15. Ne5 Nfd7 16. Nxd7 Nxd7 17. Nf3 Bf6 18. Qb2 c5 19. Bxf6 Nxf6 20. Ne5 Qe7 21. Bf3 Rfd8 22. Rc1 Rac8 23. Rfd1 b6 24. h3 Rc7 25. b4 axb4 26. axb4 Rdc8 27. b5 Qd6 28. Ra1 Nd7 29. Nc6 Nb8 30. Nxb8 Rxb8 31. d4 dxc4 32. d5 e5 33. Qc3 Bd3 34. e4 f5 35. Re1 f4 0-1

[Event "Titled Tuesday intern op 24th Aug"]
[Site "Chess.com INT"]
[Date "2021.08.24"]
[Round "3"]
[White "Temirkanov, David"]
[Black "Orzechowski, Jacek"]
[Result "0-1"]
[WhiteElo "2282"]
[BlackElo "2125"]
[PlyCount "74"]
[EventDate "2021.08.24"]
[EventType "swiss (blitz)"]
[EventRounds "11"]
[EventCountry "USA"]
[SourceTitle "EXT 2022"]
[Source "ChessBase"]
[SourceDate "2021.10.06"]
[SourceVersion "1"]
[SourceVersionDate "2021.10.06"]
[SourceQuality "1"]

1. e4 Nc6 2. Nf3 d6 3. d4 Nf6 4. Nc3 Bg4 5. Bc4 e6 6. 0-0 Bxf3 7. gxf3 d5 8. Bb5 a6 9. Bxc6+ bxc6 10. e5 Nd7 11. f4 g6 12. Ne2 c5 13. c4 c6 14. Qa4 Qc7 15. Be3 Nb6 16. Qa5 Qb7 17. b3 dxc4 18. dxc5 Nd5 19. bxc4 Nxe3 20. fxe3 Qa7 21. Qa4 Qxc5 22. Nd4 Be7 23. Nxc6 Qxe3+ 24. Kg2 Qe4+ 25. Rf3 Bh4 26. Raf1 0-0 27. Kh3 Bd8 28. Kg2 Rc8 29. Nxd8 Rfxd8 30. Rc1 Rd2+ 31. Kg3 Rd3 32. Rcf1 Rxc4 33. Qe8+ Kg7 34. Qe7 Qxf4+ 35. Kg2 Rxf3 36. Rxf3 Rc2+ 37. Kg1 Qxf3 0-1

[Event "Titled Tuesday intern op 24th Aug"]
[Site "Chess.com INT"]
[Date "2021.08.24"]
[Round "5"]
[White "Temirkanov, David"]
[Black "Schmidt, Harald"]
[Result "1-0"]
[WhiteElo "2282"]
[BlackElo "2351"]
[PlyCount "71"]
[EventDate "2021.08.24"]
[EventType "swiss (blitz)"]
[EventRounds "11"]
[EventCountry "USA"]
[SourceTitle "EXT 2022"]
[Source "ChessBase"]
[SourceDate "2021.10.06"]
[SourceVersion "1"]
[SourceVersionDate "2021.10.06"]
[SourceQuality "1"]

1. e4 c6 2. d4 d5 3. Nc3 dxe4 4. Nxe4 Nf6 5. Ng3 h5 6. h4 Bg4 7. Nf3 Nbd7 8. Be2 e6 9. Bg5 Bd6 10. Qd3 Qa5+ 11. c3 0-0-0 12. 0-0 Qc7 13. Ne4 Be7 14. g3 Nb6 15. Bf4 Qd7 16. Ne5 Qe8 17. a4 Nxe4 18. Qxe4 Bxe2 19. Qxe2 Nd5 20. Bd2 Bd6 21. Nc4 Bc7 22. a5 Qe7 23. a6 b6 24. Ne5 Rd6 25. c4 Nf6 26. Bb4 Rhd8 27. Nxc6 Qd7 28. Nxa7+ Kb8 29. Qf3 Nd5 30. Bxd6 Qxd6 31. Nb5 Qd7 32. Nxc7 Qxc7 33. cxd5 Rxd5 34. Rfc1 Qd7 35. a7+ Ka8 36. Qc3 1-0

[Event "Titled Tuesday intern op 17th Aug"]
[Site "Chess.com INT"]
[Date "2021.08.17"]
[Round "3"]
[White "Temirkanov, David"]
[Black "Gelman, Alexander"]
[Result "1-0"]
[WhiteElo "2282"]
[BlackElo "2403"]
[PlyCount "85"]
[EventDate "2021.08.17"]
[EventType "swiss (blitz)"]
[EventRounds "11"]
[EventCountry "USA"]
[SourceTitle "EXT 2022"]
[Source "ChessBase"]
[SourceDate "2021.10.06"]
[SourceVersion "1"]
[SourceVersionDate "2021.10.06"]
[SourceQuality "1"]

1. e4 c5 2. Nf3 e6 3. c4 d6 4. d4 cxd4 5. Nxd4 Nf6 6. Nc3 a6 7. Be2 b6 8. 0-0 Bb7 9. f3 Nbd7 10. Be3 Rc8 11. Qd2 h6 12. Rad1 g5 13. b3 Rg8 14. Bd3 Ne5 15. Bb1 Nfd7 16. Kh1 h5 17. f4 gxf4 18. Bxf4 Qh4 19. Nd5 Rd8 20. Rde1 Rc8 21. Nf5 exf5 22. exf5 Bxd5 23. Qxd5 Qd8 24. Qd1 h4 25. Qh5 Qf6 26. Be4 Rh8 27. Qe2 h3 28. g3 Rc7 29. Bd5 Be7 30. Qd2 Kf8 31. Qe2 Nc5 32. g4 Rh4 33. g5 Qxf5 34. Bg3 Qxg5 35. Bxe5 Qxe5 36. Rxf7+ Ke8 37. Qf1 Ne4 38. Rf5 Qd4 39. Rf4 Nf2+ 40. Rxf2 b5 41. Rf8+ Kd7 42. Rxe7+ Kxe7 43. Qf7# 1-0

[Event "Titled Tuesday intern op 10th Aug"]
[Site "Chess.com INT"]
[Date "2021.08.10"]
[Round "1"]
[White "Abdyjapar, Asyl"]
[Black "Temirkanov, David"]
[Result "0-1"]
[WhiteElo "2403"]
[BlackElo "2282"]
[PlyCount "156"]
[EventDate "2021.08.10"]
[EventType "swiss (blitz)"]
[EventRounds "11"]
[EventCountry "USA"]
[SourceTitle "CBM 203 Extra"]
[Source "ChessBase"]
[SourceDate "2021.09.30"]
[SourceVersion "1"]
[SourceVersionDate "2021.09.30"]
[SourceQuality "1"]

1. c4 e5 2. g3 Nc6 3. Bg2 g6 4. Nc3 Bg7 5. e3 Nf6 6. Nge2 0-0 7. 0-0 d6 8. a3 a5 9. b3 Nd7 10. d4 exd4 11. exd4 Re8 12. h3 Nf6 13. Be3 Ne7 14. g4 h5 15. g5 Nh7 16. Ng3 Nf5 17. Nxf5 Bxf5 18. h4 c6 19. Qd2 Nf8 20. Rae1 Nd7 21. d5 Ne5 22. dxc6 bxc6 23. Bf4 Qc7 24. Ne4 Bxe4 25. Rxe4 Rab8 26. Qc2 Qb6 27. Rb1 Qc5 28. b4 axb4 29. axb4 Rxb4 30. Rxb4 Qxb4 31. c5 Qxc5 32. Qxc5 dxc5 33. Be3 Re6 34. Bxc5 Bf8 35. Be3 c5 36. Bh3 Ng4 37. Rxe6 fxe6 38. Bd2 Kf7 39. f3 Ne5 40. Kf2 Bd6 41. Bf1 Nc6 42. f4 Nd4 43. Ke3 Nf5+ 44. Ke4 Nxh4 45. Be1 Nf5 46. Be2 h4 47. Bg4 Ng3+ 48. Kf3 Nf5 49. Ke4 c4 50. Bc3 Ng3+ 51. Kf3 Nf5 52. Bd2 Bc5 53. Bc3 Bd4 54. Bd2 c3 55. Bc1 Ke7 56. Ke4 Bg7 57. Bh3 Kd6 58. Ba3+ Kc6 59. Bg2 Kb5 60. Kd3 Ka4 61. Bc1 Kb3 62. Bh3 c2 63. Bg4 Bh8 64. Bh3 Bb2 65. Kd2 Bxc1+ 66. Kxc1 Kc3 67. Bg4 Nd4 68. Bxe6 Nb3+ 69. Bxb3 Kxb3 70. f5 h3 71. fxg6 h2 72. g7 h1Q+ 73. Kd2 c1Q+ 74. Kd3 Qhd1+ 75. Ke4 Qc4+ 76. Kf5 Qdd5+ 77. Kg6 Qe6+ 78. Kh7 Qh4# 0-1

[Event "Titled Tuesday intern op 10th Aug"]
[Site "Chess.com INT"]
[Date "2021.08.10"]
[Round "10"]
[White "Rychagov, Andrey"]
[Black "Temirkanov, David"]
[Result "1-0"]
[WhiteElo "2546"]
[BlackElo "2282"]
[PlyCount "75"]
[EventDate "2021.08.10"]
[EventType "swiss (blitz)"]
[EventRounds "11"]
[EventCountry "USA"]
[SourceTitle "CBM 203 Extra"]
[Source "ChessBase"]
[SourceDate "2021.09.30"]
[SourceVersion "1"]
[SourceVersionDate "2021.09.30"]
[SourceQuality "1"]

1. d4 d5 2. c4 Nc6 3. cxd5 Qxd5 4. e3 e5 5. Nc3 Bb4 6. a3 Bxc3+ 7. bxc3 Nf6 8. c4 Qd6 9. d5 Ne7 10. Ne2 0-0 11. Nc3 a6 12. e4 Nd7 13. Be2 Ng6 14. 0-0 Nc5 15. a4 Bd7 16. a5 b6 17. Ba3 Nf4 18. Bg4 Qg6 19. Bf3 Bh3 20. g3 Bxf1 21. Kxf1 Nfd3 22. Be2 Nxf2 23. Kxf2 f5 24. Kg2 fxe4 25. Bxc5 bxc5 26. Bh5 Qf5 27. Qe2 Rab8 28. Bg4 Qg6 29. Be6+ Kh8 30. Nxe4 Rb2 31. Qxb2 Qxe4+ 32. Kh3 Qf3 33. Bg4 Qe3 34. Be6 Qh6+ 35. Kg2 Qe3 36. Qc2 e4 37. Rf1 Rf3 38. Rf2 1-0

[Event "Titled Tuesday intern op 10th Aug"]
[Site "Chess.com INT"]
[Date "2021.08.10"]
[Round "9"]
[White "Temirkanov, David"]
[Black "Trent, Lawrence"]
[Result "1-0"]
[WhiteElo "2282"]
[BlackElo "2399"]
[PlyCount "47"]
[EventDate "2021.08.10"]
[EventType "swiss (blitz)"]
[EventRounds "11"]
[EventCountry "USA"]
[SourceTitle "CBM 203 Extra"]
[Source "ChessBase"]
[SourceDate "2021.09.30"]
[SourceVersion "1"]
[SourceVersionDate "2021.09.30"]
[SourceQuality "1"]

1. e4 e6 2. d4 d5 3. exd5 exd5 4. c4 Bb4+ 5. Nc3 Ne7 6. Nf3 0-0 7. Bd3 dxc4 8. Bxc4 Nbc6 9. 0-0 Bg4 10. Be3 Nf5 11. h3 Bxf3 12. Qxf3 Nfxd4 13. Qh5 g6 14. Qd5 Bxc3 15. bxc3 Qxd5 16. Bxd5 Ne2+ 17. Kh1 Nxc3 18. Bxc6 bxc6 19. Rfc1 Nd5 20. Bh6 Rfe8 21. Rxc6 Re6 22. Rc5 c6 23. Rac1 Rc8 24. Rxd5 1-0

[Event "Titled Tuesday intern op 06th July"]
[Site "Chess.com INT"]
[Date "2021.07.06"]
[Round "7"]
[White "Chen, Max"]
[Black "Temirkanov, David"]
[Result "1-0"]
[WhiteElo "1997"]
[BlackElo "2282"]
[PlyCount "83"]
[EventDate "2021.07.06"]
[EventType "swiss (blitz)"]
[EventRounds "11"]
[EventCountry "USA"]
[SourceTitle "EXT 2022"]
[Source "ChessBase"]
[SourceDate "2021.10.06"]
[SourceVersion "1"]
[SourceVersionDate "2021.10.06"]
[SourceQuality "1"]

1. e4 Nc6 2. d4 d5 3. exd5 Qxd5 4. Nf3 Bg4 5. Be2 Nf6 6. c4 Qh5 7. Nc3 0-0-0 8. Be3 e5 9. d5 e4 10. Nd4 Bxe2 11. Qxe2 Qxe2+ 12. Kxe2 Ne5 13. b3 Bb4 14. Rhc1 Rhe8 15. a3 Bc5 16. h3 Kb8 17. Nf5 Bxe3 18. Nxe3 c6 19. Rd1 Nd3 20. g3 cxd5 21. cxd5 Ne5 22. Rd4 Ned7 23. Rad1 Re5 24. Nc4 Re7 25. Ke3 Nc5 26. b4 Ncd7 27. Nxe4 Nxe4 28. Rxe4 Rxe4+ 29. Kxe4 Nf6+ 30. Ke5 Re8+ 31. Kf5 Rd8 32. Ne3 Rd6 33. g4 h6 34. h4 g6+ 35. Kf4 Kc7 36. Ke5 Nd7+ 37. Ke4 Nf6+ 38. Kf4 Kd7 39. f3 a6 40. Ke5 a5 41. Nc4 Ra6 42. b5 1-0

[Event "Titled Tuesday intern op 06th July"]
[Site "Chess.com INT"]
[Date "2021.07.06"]
[Round "2"]
[White "Le, Tuan Minh"]
[Black "Temirkanov, David"]
[Result "1-0"]
[WhiteElo "2514"]
[BlackElo "2282"]
[PlyCount "41"]
[EventDate "2021.07.06"]
[EventType "swiss (blitz)"]
[EventRounds "11"]
[EventCountry "USA"]
[SourceTitle "EXT 2022"]
[Source "ChessBase"]
[SourceDate "2021.10.06"]
[SourceVersion "1"]
[SourceVersionDate "2021.10.06"]
[SourceQuality "1"]

1. d4 f5 2. e4 fxe4 3. Nc3 Nf6 4. Bg5 g6 5. f3 e3 6. Bxe3 d5 7. Qd2 Nc6 8. 0-0-0 Bg7 9. h4 0-0 10. Bh6 e5 11. Bxg7 Kxg7 12. dxe5 Nxe5 13. Nxd5 Nxd5 14. Qxd5 Qf6 15. Qc5 Bf5 16. g4 Be6 17. g5 Qf4+ 18. Kb1 Nxf3 19. Nxf3 Qxf3 20. Qe5+ Kf7 21. Rd7+ 1-0

[Event "Titled Tuesday intern op 06th July"]
[Site "Chess.com INT"]
[Date "2021.07.06"]
[Round "11"]
[White "Yakubbaeva, Nilufar"]
[Black "Temirkanov, David"]
[Result "0-1"]
[WhiteElo "2273"]
[BlackElo "2282"]
[PlyCount "64"]
[EventDate "2021.07.06"]
[EventType "swiss (blitz)"]
[EventRounds "11"]
[EventCountry "USA"]
[SourceTitle "EXT 2022"]
[Source "ChessBase"]
[SourceDate "2021.10.06"]
[SourceVersion "1"]
[SourceVersionDate "2021.10.06"]
[SourceQuality "1"]

1. e4 c6 2. d4 g6 3. c4 Bg7 4. Nc3 d6 5. Nf3 e5 6. dxe5 dxe5 7. Qxd8+ Kxd8 8. Be3 f6 9. 0-0-0+ Ke8 10. Be2 Na6 11. Rd2 Bf8 12. Rhd1 Be6 13. a3 Nc5 14. Kc2 a5 15. b4 axb4 16. axb4 Na6 17. b5 Nc5 18. bxc6 bxc6 19. Rb1 Nh6 20. Rb6 Rc8 21. h3 Nf7 22. Ne1 Be7 23. Nd3 Nd7 24. Rb7 Nd6 25. Rxd7 Bxd7 26. Nc5 Rd8 27. f4 Bc8 28. fxe5 fxe5 29. Bh6 Nf7 30. Rxd8+ Kxd8 31. Bg7 Bxc5 32. Bxh8 Nxh8 0-1

[Event "Titled Tuesday intern op 29th June"]
[Site "Chess.com INT"]
[Date "2021.06.29"]
[Round "8"]
[White "Golubenko, Valentina"]
[Black "Temirkanov, David"]
[Result "0-1"]
[WhiteElo "2209"]
[BlackElo "2282"]
[PlyCount "94"]
[EventDate "2021.06.29"]
[EventType "swiss (blitz)"]
[EventRounds "11"]
[EventCountry "USA"]
[SourceTitle "CBM 203 Extra"]
[Source "ChessBase"]
[SourceDate "2021.09.30"]
[SourceVersion "1"]
[SourceVersionDate "2021.09.30"]
[SourceQuality "1"]

1. d4 d5 2. g3 Nc6 3. Bg2 Bf5 4. Nf3 Nb4 5. Na3 e6 6. 0-0 Be7 7. c3 Na6 8. Nc2 h6 9. Ne3 Bh7 10. c4 Nf6 11. cxd5 exd5 12. Bd2 0-0 13. Rc1 c6 14. Ne5 Nc7 15. N3g4 Ne6 16. Be3 Nxg4 17. Nxg4 f5 18. Ne5 f4 19. gxf4 Nxf4 20. Bxf4 Rxf4 21. e3 Rf5 22. Kh1 Bd6 23. f4 Qh4 24. Qg4 Qxg4 25. Nxg4 Re8 26. Ne5 Bb4 27. Rf2 g5 28. Bh3 Rf6 29. f5 h5 30. Rcf1 g4 31. Bg2 Re7 32. h3 g3 33. Rf4 Bd6 34. Rh4 Bxe5 35. dxe5 Rxe5 36. Rxh5 Rxe3 37. Rf4 Re1+ 38. Bf1 Kh8 39. Kg2 Rf7 40. Rfh4 Kg8 41. Bd3 Re3 42. Bf1 Bxf5 43. Rg5+ Kf8 44. Rh8+ Ke7 45. Rgg8 Be4+ 46. Kg1 Re1 47. Re8+ Kd6 0-1

[Event "Titled Tuesday intern op 29th June"]
[Site "Chess.com INT"]
[Date "2021.06.29"]
[Round "2"]
[White "Temirkanov, David"]
[Black "Kiseljova, Marya"]
[Result "1-0"]
[WhiteElo "2282"]
[BlackElo "2031"]
[PlyCount "49"]
[EventDate "2021.06.29"]
[EventType "swiss (blitz)"]
[EventRounds "11"]
[EventCountry "USA"]
[SourceTitle "CBM 203 Extra"]
[Source "ChessBase"]
[SourceDate "2021.09.30"]
[SourceVersion "1"]
[SourceVersionDate "2021.09.30"]
[SourceQuality "1"]

1. d4 Nf6 2. Bg5 d5 3. Nd2 Bf5 4. e3 e6 5. Ngf3 h6 6. Bh4 Be7 7. Ne5 Ne4 8. Bxe7 Qxe7 9. Nxe4 Bxe4 10. f3 Bh7 11. Bd3 Bxd3 12. Qxd3 Nd7 13. f4 Nxe5 14. fxe5 Qb4+ 15. c3 Qxb2 16. 0-0 Qa3 17. Rab1 b6 18. Qb5+ Ke7 19. Qc6 Rhc8 20. Rf3 Qxa2 21. Rbf1 f5 22. exf6+ gxf6 23. Rxf6 Rf8 24. Qxc7+ Ke8 25. Rxf8# 1-0

[Event "Titled Tuesday intern op 22nd June"]
[Site "Chess.com INT"]
[Date "2021.06.22"]
[Round "1"]
[White "Temirkanov, David"]
[Black "Leiva Rodriguez, Jeammarco Giuseppe"]
[Result "0-1"]
[WhiteElo "2282"]
[BlackElo "2391"]
[PlyCount "86"]
[EventDate "2021.06.22"]
[EventType "swiss (blitz)"]
[EventRounds "11"]
[EventCountry "USA"]
[SourceTitle "CBM 203 Extra"]
[Source "ChessBase"]
[SourceDate "2021.09.30"]
[SourceVersion "1"]
[SourceVersionDate "2021.09.30"]
[SourceQuality "1"]

1. d4 Nf6 2. Bg5 Ne4 3. h4 d5 4. Nd2 Bf5 5. e3 h6 6. Bf4 e6 7. Bd3 Bd6 8. Ne2 Nxd2 9. Qxd2 Bxd3 10. cxd3 Qe7 11. Bxd6 Qxd6 12. Rc1 Nd7 13. 0-0 0-0 14. Nc3 c6 15. Qe2 Rfe8 16. a3 e5 17. dxe5 Rxe5 18. d4 Re6 19. Na4 Rae8 20. Nc5 Nxc5 21. Rxc5 Re4 22. Qh5 R8e6 23. b4 Rg6 24. Rc2 Rgg4 25. g3 Qf6 26. Kg2 g6 27. Qxh6 Rxh4 28. gxh4 Rxh4 29. Qxh4 Qxh4 30. Rd2 Qe4+ 31. Kg3 Kg7 32. Rfd1 g5 33. Rd3 Kg6 34. f3 Qh4+ 35. Kg2 Qh8 36. Rh1 Qe8 37. Rh3 Qe6 38. Rg3 f6 39. Kf2 Qf5 40. f4 Qxd3 41. f5+ Qxf5+ 42. Kg2 Qc2+ 43. Kh3 f5 0-1

[Event "Titled Tuesday intern op 18th May"]
[Site "Chess.com INT"]
[Date "2021.05.18"]
[Round "10"]
[White "Aldokhin, Ivan"]
[Black "Temirkanov, David"]
[Result "0-1"]
[WhiteElo "2413"]
[BlackElo "2282"]
[PlyCount "84"]
[EventDate "2021.05.18"]
[EventType "swiss (blitz)"]
[EventRounds "11"]
[EventCountry "USA"]
[SourceTitle "CBM 202 Extra"]
[Source "ChessBase"]
[SourceDate "2021.07.31"]
[SourceVersion "1"]
[SourceVersionDate "2021.07.31"]
[SourceQuality "1"]

1. e4 Nc6 2. d4 d5 3. e5 f6 4. f4 Bf5 5. c3 e6 6. Nf3 Be7 7. Nh4 Be4 8. Nd2 fxe5 9. Nhf3 Bf5 10. dxe5 Nh6 11. Nb3 0-0 12. Nbd4 Nxd4 13. Nxd4 c5 14. Nxf5 Nxf5 15. Bd3 Qb6 16. Qe2 c4 17. Bxf5 Rxf5 18. Be3 Bc5 19. Bxc5 Qxc5 20. g3 b5 21. a3 a5 22. Rf1 Raf8 23. Qf2 Qxf2+ 24. Kxf2 Rxe5 25. Rae1 Rxe1 26. Rxe1 Kf7 27. Ke3 Rb8 28. Kd4 g6 29. Kc5 Kf6 30. Re5 Rc8+ 31. Kd6 Rd8+ 32. Kc7 Ke7 33. g4 d4 34. cxd4 Rxd4 35. f5 gxf5 36. gxf5 b4 37. Rxa5 c3 38. bxc3 Rc4+ 39. Kb6 bxc3 40. Re5 c2 41. Rxe6+ Kf7 42. Re1 c1Q 0-1